Miesto a úloha Česka a Slovenska v európskom geopolitickom priestore
Európa a koniec studenej vojny. Zrod novej geopolitickej Európy. Nová geopolitická orientácia a úloha Česka a Slovenska. Geopolitické súvislosti členstva v NATO. Bipolarita v oblasti studenej vojny (1945-1989). Alternatíva možného vyvažovania moci v Ázii. Ukrajina ako geopolitické ohnisko.
Guardado en:
| Autor principal: | |
|---|---|
| Formato: | Capítulo de libro |
| Lenguaje: | eslovaco |
| Materias: | |
| Etiquetas: |
Sin Etiquetas, Sea el primero en etiquetar este registro!
|
MARC
| LEADER | 00000naa$a2200000$$$4500 | ||
|---|---|---|---|
| 001 | 0005805 | ||
| 005 | 20231016091240.7 | ||
| 041 | 0 | |a slo | |
| 044 | |a CZ | ||
| 245 | 1 | 0 | |a Miesto a úloha Česka a Slovenska v európskom geopolitickom priestore |c aut. Štefan Volner |
| 520 | |a Európa a koniec studenej vojny. Zrod novej geopolitickej Európy. Nová geopolitická orientácia a úloha Česka a Slovenska. Geopolitické súvislosti členstva v NATO. Bipolarita v oblasti studenej vojny (1945-1989). Alternatíva možného vyvažovania moci v Ázii. Ukrajina ako geopolitické ohnisko. | ||
| 610 | 2 | 0 | |a politika svetová |
| 610 | 2 | 0 | |a Česko |
| 610 | 2 | 0 | |a Slovensko |
| 610 | 2 | 0 | |a Európa |
| 610 | 2 | 0 | |a politika |
| 610 | 2 | 0 | |a geografia |
| 610 | 2 | 0 | |a politika bezpečnostná |
| 100 | 1 | |a Volner, Štefan | |